Reading critically, writing well: a reader and guide

Պահպանված է:
Մատենագիտական մանրամասներ
Հիմնական հեղինակներ: Axelrod, Rise B (Հեղինակ), Cooper, Charles R (Հեղինակ)
Ձևաչափ: Գիրք
Լեզու:անգլերեն
Հրապարակվել է: Nueva York St. Martin 1996
Հրատարակություն:4a. ed
Խորագրեր:
Ցուցիչներ: Ավելացրեք ցուցիչ
Չկան պիտակներ, Եղեք առաջինը, ով նշում է այս գրառումը!

MARC

LEADER 00000nam a2200000 a 4500
001 UCM4450
003 CL-VaPUC
008 020823e19960000US |||||||||||||||||eng|d
082 0 4 |a 401.41  |b AXE  |2 21 
100 0 |a Axelrod, Rise B  |e author  |9 471017 
700 |a Cooper, Charles R  |e author  |9 463660 
245 1 0 |a Reading critically, writing well: a reader and guide 
250 |a 4a. ed 
300 |a 514 p 
942 |c BK 
945 |d 20020823 00:00:00  |a cmena 
260 |a Nueva York  |b St. Martin  |c 1996 
650 0 |a Análisis del discurso  |9 256696 
650 0 |a Semiótica  |9 265317 
650 0 |a Comprensión de lectura  |9 307588 
650 7 |a LENGUAJE ESCRITO  |2 CL-VaPUC  |9 454872 
583 |a last modification  |c 20020823 00:00:00  |k Rodrigo Vera 
999 |c 301169  |d 301167 
952 |0 0  |1 0  |4 0  |6 401_410000000000000_AXE_1996  |7 0  |8 A  |9 359911  |a FDOPOS  |b FDOPOS  |d 2019-11-21  |i 3838412  |o 401.41 AXE 1996  |p 3838412  |r 2025-01-22  |w 2019-11-21  |y BK  |k MLA 
952 |0 0  |1 0  |4 0  |6 401_410000000000000_AXE_1996  |7 0  |8 A  |9 359912  |a FDOPOS  |b FDOPOS  |d 2019-11-21  |i 3838404  |o 401.41 AXE 1996  |p 3838404  |r 2025-01-22  |w 2019-11-21  |y BK  |k MLA